000 00649nam a2200205Ii 4500
001 5658
003 CO-ViMGA
008 241108s9999||||xx |||||||||||||| ||und||
040 _aCO-ViMGA
_bspa
_erda
_cCO-ViMGA
041 0 _aunk
082 0 4 _a843-M447c
100 1 _aMaxence Van der Meersch
_956293
245 1 0 _a<La> casa de las dunas, Santa Teresita de Lisieux y el cura de Ars
264 1 _a[Lugar de publicación no identificado] : Ediciones G.P., 1969
300 _avolumen
336 _atext
_btxt
_2rdacontent
337 _aunmediated
_bn
_2rdamedia
338 _avolume
_bnc
_2rdacarrier
940 _aidficha_siabuc: 5512. -- ficha_no_siabuc:5658
999 _c54166
_d54166